00226nam a2200097Ia 4500008004100000100001300041245002800054260002200082942000700104999001700111190216s9999||||xx |||||||||||||| ||und|| aPathmaja 0aMangoliya Balathanthram bKerala Basha Inst cBK c38010d38010